000 01709nam a2200253 a 4500
001 000010808
005 20200929162308.0
008 091012s2001 dr a 000 0 spa d
020 _a9993401897
040 _aDO-SdBNP
_bspa
_cBNPHU
082 _a320.97293
_bP515r
100 1 _aPeynado, Jacinto B.
_d1941-
_926114
245 1 0 _aReinvención de Estado /
_cJancinto B. Peynado.
260 _aSanto Domingo :
_bCocolo Editorial,
_c2001.
300 _av. :
_bil. ;
_c23 cm.
500 _aIncluye notas al pie de las páginas
500 _aIncluye notas biográficas del autor en la solapa
500 _aLa biblioteca posee el tomo III.
505 0 _aReinvención del Estado: realidad o retórica -- El papel del Estado en el desarrollo económico -- Desarrollo social -- R. D. frente a los retos de la internacionalización de los mercados -- Seguridad de las Naciones Islas del Caribe -- Consenso para el desarrollo -- Feria agropecuaria e industrial '95 -- La construcción en el desarrollo económico de R. D -- Encuentro cooperativo, trinacional y Foro cooperativo Caribeño -- Drogas: un problema universal -- Políticas de juventud ideas e ideales -- Deporte como cultura y recreación -- Control de drogas -- La R.D.: oportunidades bajo el nuevo modelo económico -- Proyecciones y alternativas de política exterior de la R.D -- Retos y oportunidades para un mayor intercambio comercial entre Puerto Rico y la República Dominicana -- Congreso mundial de periodistas.
590 _aInventariado, 2018/LP
600 1 4 _aPEYNADO GARRIOSA, JACINTO BIENVENIDO
_xDISCURSOS
_926115
651 4 _aRepública Dominicana
_xPolítica Y Gobierno
_xDiscursos
_926116
910 _aValidado. Control de calidad MFF
999 _c10557
_d10557